[Event "New York Hudson"]
[Site "New York"]
[Date "1993.??.??"]
[Round "7"]
[White "Benjamin, Joel"]
[Black "Kaidanov, Gregory S"]
[Result "1-0"]
[WhiteElo "2585"]
[BlackElo "2620"]
[Annotator "Ftacnik,L"]
[PlyCount "69"]
[EventDate "1993.??.??"]
[EventType "tourn"]
[EventRounds "9"]
[EventCountry "USA"]
[EventCategory "13"]
[SourceTitle "CBM 035"]
[Source "ChessBase"]
[SourceDate "1993.08.01"]
[SourceVersion "1"]
[SourceVersionDate "1993.08.01"]
[SourceQuality "1"]

1. e4 c5 2. Nf3 d6 3. d4 cxd4 4. Nxd4 Nf6 5. Nc3 a6 6. Be3 Ng4 7. Bg5 h6 8. Bh4
g5 9. Be2 Bg7 10. Bg3 h5 11. Bxg4 $1 (11. h4) 11... Bxg4 (11... hxg4 12. Nf5
$14) 12. f3 Be6 (12... Bd7 13. Bf2 Nc6 14. Nd5 $14) 13. Qd2 g4 14. Nxe6 fxe6
15. fxg4 hxg4 16. e5 Nc6 $8 (16... Bxe5 17. Bxe5 dxe5 18. Qg5) (16... dxe5 17.
Qg5 $16) 17. exd6 exd6 18. O-O (18. O-O-O Bh6 19. Bf4 Qf6 20. Bxh6 Qxh6 21.
Qxh6 Rxh6 22. Rxd6 Ke7 23. Rhd1 Ne5 (23... Rd8 24. Rxd8 Nxd8 25. Rd4 $16) 24.
Rb6 Rb8 25. Nd5+ Kf7 26. Rf1+ $18) 18... Qb6+ 19. Bf2 Qc7 (19... Qxb2 20. Qxd6
Qxc3 21. Rad1 $1 $18) 20. Qg5 Be5 (20... Ne5 21. Bh4 $1) 21. Bg3 Qh7 22. Qxg4
Bxg3 23. Qxg3 O-O-O 24. Rae1 $1 e5 25. Ne4 d5 26. Ng5 Qxc2 27. Rf2 Qa4 28. Nf7
Rdg8 29. Qf3 Rf8 30. Qxd5 Qb4 31. Ref1 Nd4 32. Nd6+ Kc7 33. Rf7+ Rxf7 34. Rxf7+
Kd8 35. Nb5+ 1-0

[Event "RUS-ch Superfinal 60th"]
[Site "Moscow"]
[Date "2007.12.27"]
[Round "8"]
[White "Svidler, Peter"]
[Black "Morozevich, Alexander"]
[Result "0-1"]
[WhiteElo "2732"]
[BlackElo "2755"]
[Annotator "Ftacnik,L"]
[PlyCount "76"]
[EventDate "2007.12.18"]
[EventType "tourn"]
[EventRounds "11"]
[EventCountry "RUS"]
[EventCategory "17"]
[SourceTitle "CBM 122"]
[Source "ChessBase"]
[SourceDate "2008.01.30"]
[SourceVersion "1"]
[SourceVersionDate "2008.01.30"]
[SourceQuality "1"]

1. e4 c5 2. Nf3 d6 3. d4 cxd4 4. Nxd4 Nf6 5. Nc3 a6 6. Be3 e5 7. Nb3 Be6 8. f3
Nbd7 9. g4 Nb6 10. g5 Nh5 11. Qd2 Rc8 12. O-O-O Be7 13. Kb1 O-O 14. Rg1 g6 {
This position has become common currency at the the highest level. Many
grandmasters are intimate with its problems with both colours.} 15. h4 (15. Nd5
Nxd5 16. exd5 Bf5 17. Bd3 Qd7 (17... Bxd3 18. Qxd3 Qd7 19. Nd2 Qh3 20. c4 b5
21. cxb5 axb5 22. Qxb5 Qf5+ 23. Ne4 Qxf3 24. Qd3 Kh8 {1-0 Smirin,I (2656)-Lutz,
C (2631)/Biel 2003 (42)}) 18. Qb4 Rc7 19. Bb6 Rcc8 20. Be4 f6 21. gxf6 Nxf6 22.
Nd2 Rf7 23. Be3 b5 24. Qa3 Bxe4 25. fxe4 Ng4 26. Bb6 Qb7 27. Qh3 Qxb6 28. Qxg4
{1/2 Ponomariov,R (2738)-Ivanchuk,V (2731)/Foros 2006 (40)}) 15... Qc7 16. Rg2
{Svidler's new move leaves the impression of being too artificial. It will
probably fail to attract a huge following.} (16. Qf2 Nc4 (16... Bd8 17. Nc1 f6
18. gxf6 Rxf6 19. Rh1 Nc4 20. Bxc4 Bxc4 21. Nd3 Qf7 22. Ne1 Ba5 23. Nd5 Bxd5
24. Rxd5 Bxe1 25. Rxe1 Rxf3 26. Qd2 Rc6 27. Rxd6 Rxd6 28. Qxd6 Rxe3 29. Qb8+ {
1/2 Anand,V (2766)-Topalov,V (2735)/Bastia 2003}) 17. Bxc4 Qxc4 18. Na5 Qc7 19.
Bb6 Qd7 20. Qd2 f6 $5 21. Nd5 Bxd5 22. Qxd5+ Kh8 23. gxf6 Nxf6 24. Qb3 Nh5 25.
Qd5 Nf6 26. Qb3 Nh5 27. Qd5 Nf6 {Akopian,V-Efimenko,Z/Aeroflot op/2007/}) (16.
f4 exf4 17. Bxf4 Nxf4 18. Qxf4 Na4 $1 19. Rg3 Nxc3+ 20. Rxc3 Qb6 21. Re3 f6 $1
22. Qg3 fxg5 23. hxg5 Qc7 24. Bd3 Bc4 25. c3 Bxd3+ 26. Rexd3 $14 {1/2 Wang Hao
(2643)-Ponomariov,R (2705)/Khanty Mansiysk 2007 (49)}) 16... f6 $1 17. Qf2 (17.
gxf6 Rxf6 18. Qf2 Nc4 $13) 17... Nc4 18. Bxc4 Bxc4 19. Bb6 {According to the
unwritten ethics of chess, White has a certain obligation to try to convert
the advantage of the first move into something tangible. There is no real
reason for Morozevich to suffer from the dance of White's minor pieces.} (19.
gxf6 Rxf6 20. Nd5 Bxd5 21. Rxd5 Rf7 $11) 19... Qd7 20. Nc5 (20. Na5 Be6 21.
gxf6 Nxf6 22. Qe3 Nh5 $15) 20... Qc6 21. Nd3 Bxd3 $1 22. cxd3 {Black has
pocketed a great success in the transformation of the pawn structure. Svidler
would love to recapture the bishop with the rook, but the tactics would favour
his opponent.} (22. Rxd3 Nf4 23. Nd5 $1 (23. Rd2 fxg5 (23... Nxg2 24. Nd5 Qd7
25. Qxg2 fxg5 26. hxg5 Bd8 $15) 24. Nd5 Nxd5 25. exd5 Qd7 26. hxg5 Qf5 $17)
23... Nxd5 24. exd5 Qb5 25. h5 fxg5 26. hxg6 hxg6 $15) 22... Nf4 23. Rg4 (23.
gxf6 Bxf6 24. Rh2 d5 $15) 23... fxg5 24. hxg5 Bxg5 (24... d5 25. exd5 (25. Rxf4
exf4 26. Nxd5 Bxg5 27. Ba5 Rf7 28. Bc3 Bh6 $15) 25... Nxd5 26. Nxd5 Qxd5 27.
Rg3 Rf5 $15) 25. Rh1 {If White could only have guessed the pain the future
winner will inflict on him! Svidler would then probably have put an effort
into finding the original solution with the help of a kingside attack.} (25.
Rxg5 $5 Nh3 26. Rxg6+ $1 hxg6 27. Qg3 Nf4 28. Be3 d5 29. Bxf4 exf4 30. Qh2 dxe4
31. Rh1 Kf7 32. Qh7+ Ke8 33. dxe4 $11) 25... Ne6 26. Qh2 Qd7 (26... Rf7 27. Be3
Bf6 28. Nd5 $11) 27. Qh3 (27. Rhg1 h6 $17) 27... Rf7 (27... Qf7 $1 28. Nd5 Nf4
$17) 28. Be3 Rxc3 $1 {A bad sign for the safety of the king, which is sitting
on the queenside without the support of its own pieces.} (28... Bxe3 29. Rxg6+
Kf8 (29... Kh8 30. Qxe6 Qxe6 31. Rxe6 Rxf3 $11) 30. Rxe6 Rxc3 31. bxc3 Qb5+ 32.
Kc2 Qa4+ 33. Kb2 Qb5+ $11) 29. bxc3 (29. Bxg5 Nxg5 30. Rxg5 Qxh3 31. Rxh3 Rxd3
$19) 29... Qb5+ 30. Kc2 Nd4+ (30... Bxe3 31. Rxg6+ Kf8 32. Rxe6 Qa4+ $11) 31.
Bxd4 (31. cxd4 $2 Rc7+ 32. Kd2 Qb4+ 33. Ke2 Rc2+ $19) 31... exd4 32. c4 $2 {
[%mdl 256] Morozevich has an exceptional charisma among chessplayers and it
influences even the members of the world top class such as Grischuk and
Svidler. Otherwise it is not easy to explain why they volunteer to play
distinctly under the level of their creative abilities. Instead of the poor
move from the game it was necessary to find the 32.Rg2! idea with a drawish
outcome.} (32. Rg2 $1 Qa4+ (32... Rc7 33. Qe6+ Kg7 34. c4 Qb4 35. Rxg5 Qc3+ 36.
Kb1 Qxd3+ $11) 33. Kb1 Qb5+ 34. Ka1 Qxd3 35. Qc8+ Rf8 36. Qe6+ Rf7 37. Rxg5
Qxc3+ $11) 32... Qa4+ 33. Kb1 Qb4+ 34. Ka1 (34. Kc2 Qd2+ 35. Kb1 Qxd3+ $19)
34... Qc3+ 35. Kb1 Qxd3+ 36. Ka1 Qc3+ 37. Kb1 Qb4+ 38. Ka1 (38. Kc2 d3+ 39.
Kxd3 Qd2#) 38... Bf6 {Disgusted, Svidler resigned and did not even want to
complicate the play with the desperate 39.e5.} (38... Bf6 39. e5 dxe5 40. Rgg1
Qe7 $19) 0-1

[Event "Chess Champions League"]
[Site "Vitoria Gasteiz"]
[Date "2007.11.04"]
[Round "3"]
[White "Nisipeanu, Liviu Dieter"]
[Black "Topalov, Veselin"]
[Result "1/2-1/2"]
[WhiteElo "2668"]
[BlackElo "2769"]
[Annotator "Ftacnik,L"]
[PlyCount "63"]
[EventDate "2007.11.02"]
[EventType "tourn"]
[EventRounds "10"]
[EventCountry "ESP"]
[EventCategory "19"]
[SourceTitle "CBM 121"]
[Source "ChessBase"]
[SourceDate "2007.11.14"]
[SourceVersion "1"]
[SourceVersionDate "2007.11.14"]
[SourceQuality "1"]

1. e4 c5 2. Nf3 d6 3. d4 cxd4 4. Nxd4 Nf6 5. Nc3 a6 6. Be3 e5 7. Nde2 $5 {
Nisipeanu may go down in history with his name for this subvariation. White's
knight hopes to get better prospects than on the standard squares b3 or f3,
and the Romanian player is actively developing the line...} Be6 8. f4 Nbd7 9.
f5 Bc4 10. Nc1 d5 (10... Bxf1 11. Rxf1 b5 (11... Rc8 12. Nb3 Be7 13. Qd3 O-O
14. O-O-O Qc7 15. Nd2 Nc5 16. Bxc5 Qxc5 17. Kb1 Qd4 18. Qf3 Qc5 19. g4 h6 20.
h4 d5 21. g5 {1-0 Van den Doel,E (2587)-Van der Weide,K (2512)/Dieren 2007 (28)
}) (11... d5 12. Nxd5 Nxe4 13. Nb3 Ndf6 14. Nxf6+ Nxf6 15. Qxd8+ Rxd8 16. Bg5
Be7 17. Bxf6 Bxf6 18. c3 Bg5 19. Nc5 Ke7 20. Ne4 f6 21. Ke2 h5 22. Rad1 h4 23.
Rxd8 Rxd8 24. Rd1 Rxd1 25. Kxd1 {1-0 Nisipeanu,L (2695)-Gelfand,B (2727)/Turin
2006 (43)}) 12. Nb3 Rc8 13. a3 Nb6 (13... Be7 14. Qd3 Qc7 15. O-O-O Qc4 16. Bg5
h6 17. Bh4 O-O 18. Qxc4 Rxc4 19. Na5 Rc7 20. Bxf6 Nxf6 21. Nd5 Nxd5 22. Rxd5
Rfc8 23. c3 {1-0 Nisipeanu,L (2695)-Areshchenko,A (2660)/Foros 2006 (72)}) 14.
Bxb6 Qxb6 15. Qd3 Be7 16. O-O-O b4 17. axb4 Qxb4 18. g4 h6 19. h4 Nxg4 20. Qxa6
Qc4 21. Qxc4 Rxc4 22. Na5 Rxc3 23. bxc3 Ne3 24. h5 {1/2 Andreikin,D (2509)
-Areshchenko,A (2644)/Dresden 2007 (66)}) 11. Bxc4 {[%mdl 4] Indirectly White
admits, that there is no palpable advantage to be had after the natural move
11.exd5.} (11. exd5 Bxf1 12. Rxf1 Nb6 13. Qf3 Nbxd5 14. N1e2 Nxe3 15. Qxe3 Qc7
(15... Qd6 16. Rd1 Qc5 $13) 16. O-O-O Rc8 17. Kb1 Bc5 18. Qf3 Qc6 19. Ng3 Bd4
20. Qxc6+ Rxc6 21. Nce4 {1-0 Nisipeanu,L (2689)-Kempinski,R (2590)/Dresden
2007 (50)}) 11... dxc4 12. Qf3 b5 (12... Bc5 13. N1e2 Qc7 $11) 13. N1e2 b4 14.
Nd5 Nxd5 15. exd5 Nf6 16. O-O-O Bd6 {Topalov is well preapred for the
counterplay on the kingside, but he has to survive the attack on his own king.}
(16... e4 17. Qh3 Qa5 18. Kb1 O-O-O 19. Bg5 Rxd5 20. Ng3 $13) 17. g4 (17. Bg5
e4 (17... O-O 18. Ng3 b3 19. axb3 (19. Bxf6 Qxf6 20. Ne4 Qh6+ 21. Kb1 bxc2+ 22.
Kxc2 Rab8 23. f6 $14) 19... cxb3 20. Qxb3 Qa5) 18. Qe3 O-O 19. Qd4 Re8 20. Qxc4
Be5 $44) 17... b3 $1 18. cxb3 (18. axb3 cxb3 19. g5 (19. cxb3) 19... bxc2 20.
Kxc2 Nd7 21. Ng3 $13) 18... cxb3 19. Kb1 $6 {White's reaction to Black's
attack is too timid; the second player will experience no problems.} (19. axb3
h6 20. Kb1 Rb8 $132) 19... bxa2+ 20. Ka1 (20. Kxa2 $2 Qa5+ 21. Kb1 Rb8 $17)
20... e4 (20... h6 21. Nc3 Qa5 22. h4 Rb8 23. g5 Qb4 24. Bc1 Nd7 $13) 21. Qg2
Be5 22. Bd4 (22. g5 Nd7 23. Qxe4 O-O $13) 22... Bxd4 23. Nxd4 (23. Rxd4 O-O 24.
g5 Nxd5 25. Qxe4 Re8 26. Qf3 Re3 27. Qg2 Qe8 $13) 23... O-O 24. d6 (24. Nc6 Qd6
25. g5 Nxd5 26. Qxe4 Qxc6 27. Qxd5 $11) 24... Qb6 (24... Qxd6 25. Ne6 Qe5 26.
Nxf8 Rxf8 $44) 25. g5 Nd5 26. g6 $6 {Nisipeanu plays with an honest ambition
to open up the black kingside. Despite everything it seems that the best
solution was to even the scores in the centre...} (26. Qxe4 Rab8 27. Rd2 Qb4
28. Qg2 Qxd6 29. f6 $13) 26... fxg6 (26... hxg6 27. fxg6 Rab8 $1 28. gxf7+ Rxf7
29. Rhe1 Qxd6 30. Rxe4 Nb4 $17) 27. fxg6 (27. Qxe4 Qxd6 28. fxg6 hxg6 29. Ne6 (
29. Qe6+ $6 Qxe6 30. Nxe6 Rf5 31. Rxd5 Rxd5 32. Nc7 Rad8 33. Nxd5 Rxd5 34. Rg1
Kf7 35. Kxa2 g5 $17) 29... Rf5 30. Rhg1 Qe5 31. Qxe5 Rxe5 32. Rxd5 Rxe6 33.
Kxa2 $15) 27... Qxd6 (27... hxg6 28. Qxe4 (28. Qxg6 Rab8 29. Rd2 Nf4 30. Qxe4
Qxd6 31. Rhd1 $15) 28... Qxd6 29. Ne6 $15) 28. gxh7+ Kh8 (28... Kxh7 $2 29.
Rhg1 $1 Qe7 30. Ne6 $18) 29. Rhg1 {The smoke has cleared and chances are even
again.} Qf6 (29... Rf7 30. Qxe4 Rb8 31. Nb3 $11) 30. Qxe4 Rad8 31. Ne6 Rfe8 32.
Rxd5 1/2-1/2

[Event "EU-ch 4th"]
[Site "Istanbul"]
[Date "2003.06.10"]
[Round "10"]
[White "Erdogdu, Mert"]
[Black "Areshchenko, Alexander"]
[Result "0-1"]
[WhiteElo "2303"]
[BlackElo "2546"]
[Annotator "Ftacnik,L"]
[PlyCount "76"]
[EventDate "2003.05.30"]
[EventType "swiss"]
[EventRounds "13"]
[EventCountry "TUR"]
[SourceTitle "CBM 096"]
[Source "ChessBase"]
[SourceDate "2003.09.25"]
[SourceVersion "1"]
[SourceVersionDate "2003.09.25"]
[SourceQuality "1"]

1. e4 c5 2. Nf3 d6 3. d4 cxd4 4. Nxd4 Nf6 5. Nc3 a6 6. Be3 e5 7. Nb3 Be6 8. f3
h5 9. Qd2 Nbd7 10. O-O-O Rc8 11. Kb1 Be7 12. Bd3 b5 13. h3 h4 (13... Nb6 14. g4
Nc4 15. Bxc4 bxc4 16. Nc1 Qa5 17. g5 Nd7 18. a3 Nb8 19. Qf2 Qc7 20. f4 exf4 21.
Bd4 O-O 22. Nd5 Bxd5 23. exd5 Nd7 24. Qxf4 {1-0 Krstic,U-Krkljes,S/Bosnjaci
2003/ (38)}) 14. f4 Qc7 (14... b4 15. Na4 O-O 16. f5 Bc4 17. Qxb4 d5 18. Qe1 d4
19. Nxd4 exd4 20. Bxd4 Qc7 21. Nc3 Bxd3 22. cxd3 Qd6 23. Qe3 Ne5 24. Ne2 Nh7
25. Qf4 Bf6 {0-1 Gerber,R-Nemet,I/Scuol 2001/ (46)}) (14... O-O 15. Rhg1 Nb6
16. f5 Bd7 17. g4 b4 18. Qf2 Nc4 19. Ne2 Nxe3 20. Qxe3 Nh7 21. Bxa6 Ra8 22. Bc4
Ng5 23. c3 Rb8 24. Bd5 Qb6 25. Qxb6 Rxb6 26. Rh1 bxc3 27. Nxc3 {1-0 Van den
Doel,E-Soltanici,R/Bled 2002/ (49)}) 15. Rhe1 (15. f5 Bc4 16. Bg5 b4 17. Ne2 a5
18. Ng1 a4 19. Nc1 Bxd3 20. cxd3 Nxe4 21. dxe4 Bxg5 22. Qxg5 Qc2+ 23. Ka1 a3
24. bxa3 bxa3 {0-1 FightingDragon-YearOfTheRabbit/Dos Hermanas 2003/ (24)})
15... Bc4 $1 {[%mdl 8] Significant improvement in the critical position of
this line, black doesn't want to give up the bishop after the impending Nd5
jump of white knight.} (15... Nb6 16. Bxb6 Qxb6 17. Nd5 Bxd5 (17... Qd8 18. c3
O-O 19. Bc2 Re8 20. Nxf6+ Bxf6 21. f5 Bxb3 22. Bxb3 Qa5 23. Rg1 Red8 24. g4
hxg3 25. Rxg3 {1-0 Lutz,C-Ftacnik,L/Germany 2001/ (35)}) 18. exd5 Rh5 19. fxe5
dxe5 20. Be2 Rf5 21. Bf3 Rd8 22. Qe2 Qc7 23. Rd3 Kf8 24. Rc3 Qd7 25. Re3 Bd6
26. Nd2 Rf4 {1/2-1/2 Kramnik,V-Anand,V/Monte Carlo 2003/ (26)}) (15... b4 16.
Nd5 Nxd5 17. exd5 Bxd5 18. fxe5 Nxe5 19. Bxa6 Bb7 20. Bb5+ Kf8 21. Re2 Be4 22.
Bf4 Bg6 23. Nd4 Qc5 {1/2-1/2 Zontakh,A-Areshchenko,A/Alushta 2002/ (48)}) 16.
Qf2 (16. f5 b4 17. Nd5 Nxd5 18. exd5 Nf6 19. Bxc4 Qxc4 20. Na5 Qc7 21. Nb3 O-O
$13) 16... b4 17. Nd5 Nxd5 18. exd5 Bxd3 (18... Bxd5 19. Bxa6 Bb7 20. Bb5 Bc6
21. Bd3 $13) 19. Rxd3 O-O 20. fxe5 {White has won another game in Istanbul
event after 20.Rc1, but the result of the opening was fine for black.} (20. Rc1
a5 21. c4 a4 22. Nd2 f5 23. g4 hxg3 24. Qxg3 e4 25. Rd4 Nc5 26. Rg1 {1-0
Mastrovasilis,D-Efimenko,Z/Istanbul 2003/ (41)}) 20... dxe5 21. d6 $6 Bxd6 22.
Red1 Nc5 (22... Nf6 23. Bb6 (23. Na1 Bc5 24. Bxc5 Qxc5 25. Qxh4 Rfe8 $15) 23...
Qc4 24. Rxd6 Ne4 25. Qe1 Nxd6 26. Rxd6 Qxc2+ 27. Ka1 Qxg2 $17) 23. Bxc5 (23.
Rxd6 $2 Ne4 24. Qxh4 Nxd6 $19) 23... Bxc5 24. Qxh4 (24. Nxc5 Qxc5 25. Qxc5 Rxc5
26. a3 a5 $17) 24... Be7 25. Qf2 Rfd8 26. Rf1 (26. Rxd8+ Bxd8 (26... Rxd8 27.
Rxd8+ Qxd8 $11) 27. Rd5 Bf6 28. Rc5 Qd7 29. Rxc8+ Qxc8 30. Qe2 $11) 26... Bf6
27. Nc5 $2 {There is a huge difference in the potential of the knight and
bishop in this position, transfer of the knight is not solving anything.} (27.
Rxd8+ Rxd8 28. Qe2 Rc8 $15) 27... Rxd3 (27... Qxc5 28. Rxd8+ Bxd8 29. Qxf7+ Kh7
30. Qh5+ $11) 28. Nxd3 Qc4 29. Rc1 (29. Qe2 e4 30. Rf4 Re8 31. Qe1 Qe6 $19)
29... e4 30. Nf4 Qb5 31. Re1 Rd8 32. Qe3 (32. g3 Qe5 33. Nd3 Qd5 34. Nc1 a5 $17
) 32... Qe5 33. Qc1 (33. c3 bxc3 34. Qxe4 c2+ $19) 33... a5 {White has no
arguments against the march of black's pawn to a3.} 34. g3 a4 35. Nd3 (35. c4
bxc3 36. Qxc3 Qb5 37. Qc2 Rb8 38. Re2 Bxb2 39. Qxb2 Qe5 $19) 35... Qd4 36. Nf4
a3 37. c3 (37. Nh5 Be5 $19) 37... bxc3 38. Qxc3 Qf2 (38... Qf2 39. Qc1 axb2 $19
) 0-1

[Event "World Women-ch"]
[Site "Monte Carlo"]
[Date "1993.??.??"]
[Round "10"]
[White "Xie, Jun"]
[Black "Ioseliani, Nana"]
[Result "1/2-1/2"]
[WhiteElo "2470"]
[BlackElo "2470"]
[Annotator "Ftacnik,L"]
[PlyCount "89"]
[EventDate "1993.10.??"]
[EventType "match"]
[EventRounds "16"]
[EventCountry "MNC"]
[SourceTitle "CBM 038"]
[Source "ChessBase"]
[SourceDate "1994.02.01"]
[SourceVersion "1"]
[SourceVersionDate "1994.02.01"]
[SourceQuality "1"]

1. e4 c5 2. Nf3 d6 3. d4 cxd4 4. Nxd4 Nf6 5. Nc3 a6 6. Be3 Ng4 7. Bg5 h6 8. Bh4
g5 9. Bg3 Bg7 10. Qd2 Nc6 11. Nb3 f5 $5 (11... Be6 12. h4 gxh4 13. Bxh4 Rc8 14.
O-O-O Nb4 15. Kb1 Qb6 16. f3 a5 $2 (16... Ne3 17. Bf2 Rxc3 $3 18. bxc3 Nxd1)
17. fxg4 Rxc3 18. bxc3 Nxa2 19. Bf2 Qc6 20. Kxa2 a4 21. Bd4 $18 {Shirov,A-Oll,
L/Wijk aan Zee/1993/}) 12. exf5 Bxf5 13. Bd3 Qd7 14. O-O O-O 15. Nd5 Bxd3 16.
Qxd3 Qf5 17. Qc4 (17. Qxf5 Rxf5 18. Nc7 Rc8 19. h3 Rxc7 20. hxg4 Rf8 $10) 17...
Kh8 18. Rae1 Nge5 19. Qe4 Rac8 20. c3 e6 21. Bxe5 (21. Qxf5 Rxf5 22. Ne3 Rf7
23. f4 gxf4 24. Bxf4 Rcf8 $10) 21... Qxe5 (21... Nxe5 $6 22. Qxf5 exf5 23. Nd4
$14) 22. Nb6 Qxe4 23. Rxe4 Rce8 24. Rfe1 Ne5 (24... e5 25. Nd2 {xd5}) 25. Rd1
d5 26. Re2 Rf7 27. Nc5 $2 (27. Nd4 $15) 27... Rc7 28. Nd3 $2 Nxd3 29. Rxd3 d4
30. g3 (30. Rc2 Rc6 31. Na4 b5 $19) (30. c4 Rc6 31. Rb3 g4 $1 {/\ e5-e4-/+})
30... dxc3 31. bxc3 Rc6 (31... Rxc3 32. Rd7 $132) (31... Bxc3 32. Nd5 Rd7 33.
Rxc3 Rxd5 34. Rc7 b5 $15) 32. Nd7 Rd8 $2 (32... Bxc3 $1 $17) 33. c4 Rc7 34. Nc5
Rxd3 35. Nxd3 Rxc4 36. Rxe6 Rc3 37. Ne5 Ra3 38. Nf7+ Kg8 $2 (38... Kh7 39. Rb6
(39. Re2 b5 $17) 39... Rxa2 40. Rxb7 Kg6 {/\ Bd4}) 39. Nxh6+ Bxh6 40. Rxh6 b5
41. Rg6+ Kh7 42. Rb6 (42. Rxg5 Rxa2 $17) 42... Rxa2 43. Kg2 Ra4 44. Kh3 Kg7 45.
f4 (45. f4 gxf4 46. gxf4 Rxf4 (46... b4 47. Kg4 a5 48. Kg5 $132) 47. Rxa6 $10)
1/2-1/2

[Event "Yongchuan zt 3.3"]
[Site "Yongchuan"]
[Date "2003.07.13"]
[Round "3"]
[White "Ye, Jiangchuan"]
[Black "Zhao, Jun"]
[Result "1-0"]
[WhiteElo "2683"]
[BlackElo "2447"]
[Annotator "Ftacnik,L"]
[PlyCount "81"]
[EventDate "2003.07.11"]
[EventType "tourn"]
[EventRounds "11"]
[EventCountry "CHN"]
[EventCategory "12"]
[SourceTitle "CBM 097"]
[Source "ChessBase"]
[SourceDate "2003.11.11"]
[SourceVersion "1"]
[SourceVersionDate "2003.11.11"]
[SourceQuality "1"]

1. e4 c5 2. Nf3 d6 3. d4 Nf6 4. Nc3 cxd4 5. Nxd4 a6 6. Be3 e5 7. Nb3 Be6 8. f3
Nbd7 9. g4 b5 10. g5 b4 11. Nd5 Nxd5 12. exd5 Bf5 13. Bd3 Bxd3 14. Qxd3 Be7 15.
h4 O-O 16. O-O-O a5 17. Kb1 f5 18. Nd2 Qc7 {The line was adopted by some of
the best players in the world, both sides have to play well to prove their
chances.} (18... a4 19. Nc4 (19. f4 Qc7 20. Nc4 exf4 21. Bd4 Nc5 22. Bxc5 Qxc5
23. Rhf1 Rfe8 24. Rxf4 g6 {1/2-1/2 Leko,P-Kasparov,G/Bled 2002/ (54)}) 19...
Qc7 20. Rhe1 Rae8 21. b3 Bd8 22. f4 Qb8 23. Rf1 g6 24. h5 exf4 25. Bxf4 {
1-0 Ramesh,R-Sriram,J/Mumbai 2003/ (34)}) (18... Qc8 19. f4 Qa6 20. Qxa6 Rxa6
21. Nc4 Rc8 22. b3 Bd8 23. Rhe1 Kf7 24. Bc1 Rxc4 25. bxc4 e4 26. Bb2 Bb6 {
1/2-1/2 Ponomariov,R-Anand,V/Mainz 2002/ (40)}) 19. Nc4 Nc5 (19... a4 20. Rhe1)
20. Bxc5 Qxc5 21. Ne3 g6 (21... f4 $5 22. Nc4 (22. Nf5 Ra7 23. g6 h6 24. Rhe1
Rc7) 22... a4 23. Nd2 Rfb8 24. Ne4 Qb6 $13) 22. f4 $1 exf4 $6 (22... e4 23. Qe2
$1 a4 24. h5 $40) (22... a4 23. fxe5 dxe5 24. d6 Bxd6 25. Qxd6 Qxe3 26. h5 gxh5
27. Qe6+ Kh8 28. Rxh5 $14) 23. Ng2 Qf2 (23... b3 $5 24. cxb3 (24. Nxf4 bxa2+
25. Kxa2 Rfc8 $132) 24... a4 25. Nxf4 axb3 26. a3 Rfc8 27. Rde1 $14) 24. Rd2
Qg3 25. Qd4 Rae8 (25... f3 26. Nf4 Rfc8 27. h5 $1 gxh5 28. Nxh5 Qe5 29. Qh4 $16
) 26. Qxf4 Qxf4 (26... Qg4 27. Rg1 Qxf4 28. Nxf4 $14) 27. Nxf4 {[%mdl 4096]
Black is in trouble, since the bishop is restrained and white knight on e6
will exert great pressure.} Bd8 28. Ne6 Rf7 29. h5 $1 gxh5 (29... Rg7 30. Rdh2
Rxe6 31. dxe6 Bxg5 32. hxg6 h6 33. Rf2 f4 34. Rd2 Rxg6 35. Rxd6 $16) 30. Rdh2
Bb6 31. Rxh5 Rfe7 (31... f4 32. c4 $1 (32. g6 Rf6 33. Rxh7 Rxg6 34. Rh8+ (34.
c3 Rgxe6 35. dxe6 Rxe6 36. cxb4 axb4 37. Rb7 Bc5 38. Rhh7 $14) 34... Kf7 35.
Rxe8 Kxe8 36. Nxf4 $16) 32... bxc3 33. g6 Rf6 34. Rxh7 Rexe6 35. dxe6 Rxe6 36.
Rb7 Bf2 37. Rh5 Rxg6 38. Rxa5 Rg7 39. Rxg7+ Kxg7 40. Rf5 $18) 32. c4 bxc3 33.
bxc3 f4 34. R1h3 {The last white's worry is over as his king can breathe
freely without back rank problems.} (34. Nxf4 Rb8 35. Ne6 Bd4+ 36. Kc2 Be5 37.
R1h3 Rf7 38. Kd3 $18) 34... Be3 35. Kc2 a4 (35... Rxe6 36. dxe6 Rxe6 37. Rxh7
Re5 38. g6 Rg5 39. R7h5 Rg2+ 40. Kd3 a4 41. Ke4 Rxg6 42. Ra5 $18) 36. Kd3 a3
37. Rh6 Rb8 38. g6 Rbb7 (38... hxg6 39. Rxg6+ Kf7 40. Rg7+ Ke8 41. Rh8+ Kd7 42.
Rxe7+ Kxe7 43. Rxb8 $18) 39. g7 Rxe6 (39... Rxg7 40. Nxg7 Rxg7 41. Rxd6 $18)
40. dxe6 Rxg7 41. Rxh7 $1 (41. Rxh7 $1 Rxh7 42. Rxh7 Kxh7 43. e7 $18) 1-0